000 00898nam a2200217Ia 4500
999 _c5680
_d5680
003 GCL
005 20240530095254.0
008 140319s9999 xx 000 0 ara d
040 _aGCL /
_cGCL
082 0 4 _a004.678
_bم م
245 1 0 _aالتجارة الالكترونية :
_bفى الفترة من 19 اكتوبر 1998 الى 31 اغسطس 2001 : رقم الملف الكودى 131 الجزء الاول /
_cمركز الاهرام للتنظيم وتكنولوجيا المعلومات
260 _aالقاهرة :
_bمركز الاهرام للتنظيم وتكنولوجيا المعلومات ،
_c2003
300 _a148 ص ؛
_c32 سم
650 0 4 _aالتجارة
650 0 4 _aالحاسبات الالكترونية
650 0 4 _aالتأمين
650 0 4 _aالعولمة
650 0 4 _aالإنترنت
650 0 4 _aالتجارة الالكترونية
942 _2ddc
_cBK